000 00736nam a2200205 a 4500
001 000016197
005 20260424111843.0
008 100301s2001 dr 001 0 spa d
040 _aDO-SdBNP
_bspa
_cBNPHU
082 _a346.7293043
_bL965c
100 1 _aLuperón Vásquez, Juan
_911844
245 1 0 _aCompendio de jurisprudencia de tierras 1990 -2000 /
_cJuan Luperón Vasquez.
260 _aSanto Domingo :
_bCorripio,
_c2001.
300 _a501 p. ;
_c23 cm.
590 _aInventariado, 2018/LP
650 0 _aJurisprudencia,
_xRecopilaciones, repertorios, etc.
_924052
650 4 _aJurisprudencia
_zRepública Dominicana
_921317
650 4 _aTenencia de la tierra
_xLegislación
_98542
910 _aValidado. Control de calidad EMS
999 _c15736
_d15736